01532 a2200205 45000010006000000050017000060080041000230030015000640400040000790800057001192450030001762640080002063000026002865050924003120410008012361000017012447000019012617000022012807000024013026399720260521160828.0260521a1953 arg spa dAR-UNSa-BCEJYS aAR-UNSa-BCEJYSbspacAR-UNSa-BCEJYS a658.5xPlanificación y control de la producción 10aManual de la producción 1aMéxico :bUnión Tipográfica Editorial Hispano-Americana (UTEHA)c1953 alxii, 1871 p.c18 cm. a1. Organización de fábricas – 2. Planeamiento y control de la producción – 3. Sistemas para el control de la producción – 4. Compras – 5. Control y estandarización de los materiales – 6. Almacenamiento – 7. Estudio de los tiempos y análisis de las operaciones – 8. Estudio de movimientos. Simplificación del trabajo – 9. Inspección – 10. Control de calidad – 11. Disposición de las fabricas – 12. Maquinaria – 13. Herramientas, plantillas y dispositivos – 14. Manipulación de materiales – 15. Presupuestos de trabajo – 16. Valuación de las tareas – 17. Calificación por mérito – 18. Sistemas de salarios – 19. Conservación de las fabricas – 20. Calificación y símbolos – 21. Principios de dirección – 22. Medidas de resultados o ejecuciones – 23. Costos de fabricación – 24. Presupuestos de fábrica – 25. Personal de fábrica –  aspa1 aAlford, L.P.1 aBangs, John R.1 aOrtiz R., Teodoro1 aHagemann, George E.